000 01449nam a22003377ia4500
999 _c171030
_d171030
003 PPAK
005 20190131100555.0
008 190110t2015 cauao||j |||| 0|1 0 eng d
020 _cRM378.00
_qset
020 _a9781480746527
_cRM37.80
_qpaperback
040 _aPPAK
_beng
_cPPAK
_erda
082 0 4 _223
_a507.21
090 0 0 _a507.21
_bRIC
_dK
100 1 _aRice, Dona Herweck,
_eauthor.
245 1 0 _aPredict It! /
_cDona Herweck Rice
264 1 _aHuntington Beach, CA :
_bTeacher Created Materials,
_c[2015]
264 4 _c©2015
300 _a32 pages :
_bcolour photographs ;
_c23 cm
336 _2rdacontent
_atext
337 _2rdamedia
_aunmediated
338 _2rdacarrier
_avolume
490 1 _aScientific Practices
500 _aIncludes index
505 _aTricky business -- The scientific method -- Now, how about prediction? -- Be specific -- It's probable -- Don't change! -- Think like a scientist.
520 _a"How do we know anything about anything? Because someone got curious and asked a question! Scientists use experiments to test their predictions. Making predictions is an important scientific practice. Ask questions, make predictions, and test possible answers to see what you discover next!"-- Provided by publisher.
521 2 _aGrades 4 to 6
650 1 0 _aScience
_vMethodology
_xJuvenile literature
650 2 0 _aForecasting
_vJuvenile literature
830 0 _aScientific practices
942 _2ddc
_cB